| 000 | 00574nam a2200169Ia 4500 | ||
|---|---|---|---|
| 008 | 240729s9999 xx 000 0 und d | ||
| 022 | _a2367-8429 | ||
| 245 | 0 | _aJournal of ECOLOGICAL ENGINEERING AND ENVIRONMENT PROTECTION | |
| 260 | _aBulgaria | ||
| 260 | _bNational Society of Ecological Engineering and Environment Protection | ||
| 650 | _a Engineering (General). Civil engineering (General) | ||
| 650 | _a Environmental engineering | ||
| 650 | _aTechnology | ||
| 856 | _uhttps://doaj.org/toc/f1042a9cc758404384a1036fc702558c | ||
| 942 | _2ddc | ||
| 942 | _cDOAJEJ | ||
| 999 |
_c66282 _d66282 |
||
| 945 |
_a1 _bMadushi Gamage _c1 _dMadushi Gamage |
||